000
00378nam a22001457a 4500
008
230228b |||||||| |||| 00| 0 eng d
020
_a
978-0-571-36490-9
082
_a
813.54
100
_a
Kazuo Ishiguro
245
_a
Klara and the Sun
260
_b
Faber and Faber,
_c
2022
300
_a
340 p.
_c
20.7 cm
942
_2
ddc
999
_c
9365
_d
9366